[Event "Vezerkepzo GM-2 2023.12"]
[Site "Budapest HUN"]
[Date "2024.01.03"]
[Round "9.3"]
[White "Sai Krishna, GV."]
[Black "Panesar, Vedant"]
[Result "1-0"]
[WhiteElo "2371"]
[BlackElo "2445"]
[PlyCount "69"]
[EventDate "2023.12.26"]
[EventType "tourn"]
[EventRounds "9"]
[EventCountry "HUN"]
[EventCategory "6"]
[Source "ChessMix"]
[SourceDate "2024.01.10"]

1. e4 e5 2. Nf3 Nc6 3. Bb5 a6 4. Ba4 Nf6 5. O-O Be7 6. Re1 b5 7. Bb3 O-O 8. h3
Bb7 9. d3 d5 10. exd5 Nxd5 11. Nbd2 Qd7 12. Nxe5 Nxe5 13. Rxe5 Rad8 14. a4 Bc6
15. axb5 axb5 16. Qf3 Bf6 17. Re1 Bd4 18. Qg4 Qxg4 19. hxg4 Nf6 20. Nf3 Nxg4
21. Nxd4 Rxd4 22. Re7 Rd7 23. Rxd7 Bxd7 24. Ra7 Re8 25. Bd2 Re2 26. f3 Nf6 27.
Bc3 Ne8 28. Ba5 Re7 29. d4 Be6 30. Bb4 Bxb3 31. Bxe7 Bd5 32. Ra5 Bc6 33. d5 Bd7
34. Ra7 f6 35. Bd8 1-0

[Event "US Masters"]
[Site "Charlotte USA"]
[Date "2023.11.23"]
[Round "2.8"]
[White "Sai Krishna, GV."]
[Black "Harsha, Bharathakoti"]
[Result "1/2-1/2"]
[WhiteElo "2376"]
[BlackElo "2563"]
[PlyCount "100"]
[EventDate "2023.11.24"]
[EventType "swiss"]
[EventRounds "9"]
[EventCountry "USA"]
[Source "ChessMix"]
[SourceDate "2023.12.01"]
[TimeControl "5400+30"]

1. e4 {[%emt 0:00:19]} c5 {[%emt 0:01:26]} 2. Nf3 {[%emt 0:00:04]} e6 {
[%emt 0:01:02]} 3. d4 {[%emt 0:00:04]} cxd4 {[%emt 0:00:06]} 4. Nxd4 {
[%emt 0:00:03]} a6 {[%emt 0:03:30]} 5. Bd3 {[%emt 0:00:04]} Bc5 {[%emt 0:00:08]
} 6. Nb3 {[%emt 0:00:08]} Ba7 {[%emt 0:00:05]} 7. Qg4 {[%emt 0:00:06]} Nf6 {
[%emt 0:00:06]} 8. Qg3 {[%emt 0:00:03]} d6 {[%emt 0:00:09]} 9. Nc3 {
[%emt 0:00:03]} Nc6 {[%emt 0:00:07]} 10. Bg5 {[%emt 0:01:51]} h6 {
[%emt 0:03:18]} 11. Bd2 {[%emt 0:01:44]} b5 {[%emt 0:00:09]} 12. O-O-O {
[%emt 0:12:47]} b4 {[%emt 0:01:27]} 13. Ne2 {[%emt 0:02:04]} Kf8 {
[%emt 0:01:33]} 14. e5 {[%emt 0:14:03]} Nxe5 {[%emt 0:00:51]} 15. Bxb4 {
[%emt 0:03:04]} Qb6 {[%emt 0:02:17]} 16. Bb5 {[%emt 0:08:56]} Kg8 {
[%emt 0:15:00]} 17. Bxd6 {[%emt 0:02:37]} Neg4 {[%emt 0:05:50]} 18. Ba4 {
[%emt 0:17:07]} Nxf2 {[%emt 0:07:13]} 19. Bc5 {[%emt 0:02:27]} Nxh1 {
[%emt 0:06:20]} 20. Qf3 {[%emt 0:00:03]} Bb7 {[%emt 0:08:55]} 21. Qe3 {
[%emt 0:00:47]} Qc7 {[%emt 0:03:13]} 22. Bxa7 {[%emt 0:00:12]} Qxh2 {
[%emt 0:20:09]} 23. Bd4 {[%emt 0:09:05]} Ng4 {[%emt 0:00:54]} 24. Qg1 {
[%emt 0:00:13]} Qxg2 {[%emt 0:03:57]} 25. Nc5 {[%emt 0:08:28]} Qxg1 {
[%emt 0:02:13]} 26. Rxg1 {[%emt 0:00:03]} Bf3 {[%emt 0:00:04]} 27. Ng3 {
[%emt 0:00:18]} e5 {[%emt 0:00:57]} 28. Bc3 {[%emt 0:00:27]} Nxg3 {
[%emt 0:03:33]} 29. Rxg3 {[%emt 0:00:13]} e4 {[%emt 0:00:01]} 30. Nxe4 {
[%emt 0:00:36]} Bxe4 {[%emt 0:00:03]} 31. Rxg4 {[%emt 0:00:06]} Bg6 {
[%emt 0:00:02]} 32. Bb3 {[%emt 0:00:14]} Kf8 {[%emt 0:02:52]} 33. Bb4+ {
[%emt 0:00:31]} Ke8 {[%emt 0:00:03]} 34. Ba4+ {[%emt 0:03:06]} Kd8 {
[%emt 0:00:02]} 35. Rd4+ {[%emt 0:01:45]} Kc8 {[%emt 0:00:06]} 36. Bd7+ {
[%emt 0:07:04]} Kb7 {[%emt 0:07:00]} 37. Ba5 {[%emt 0:02:22]} Rac8 {
[%emt 0:01:05]} 38. Bxc8+ {[%emt 0:02:02]} Rxc8 {[%emt 0:00:02]} 39. Bc3 {
[%emt 0:00:06]} Rc6 {[%emt 0:01:56]} 40. Rb4+ {[%emt 0:00:56]} Kc8 {
[%emt 0:00:13]} 41. Bxg7 {[%emt 0:00:29]} Rxc2+ {[%emt 0:00:08]} 42. Kd1 {
[%emt 0:00:03]} h5 {[%emt 0:00:57]} 43. Rb6 {[%emt 0:00:48]} Rg2 {
[%emt 0:00:32]} 44. Bf6 {[%emt 0:00:59]} Bd3 {[%emt 0:01:33]} 45. Rd6 {
[%emt 0:00:05]} Bb5 {[%emt 0:00:37]} 46. Rd8+ {[%emt 0:00:15]} Kc7 {
[%emt 0:00:04]} 47. Rd2 {[%emt 0:01:51]} Rxd2+ {[%emt 0:00:57]} 48. Kxd2 {
[%emt 0:00:02]} Kd7 {[%emt 0:00:05]} 49. Ke3 {[%emt 0:00:06]} Ke6 {
[%emt 0:00:03]} 50. Bd8 {[%emt 0:00:39]} Kf5 {[%emt 0:00:03]} 1/2-1/2

[Event "US Masters"]
[Site "Charlotte USA"]
[Date "2023.11.24"]
[Round "3.21"]
[White "Zhou, Jianchao"]
[Black "Sai Krishna, GV."]
[Result "1-0"]
[WhiteElo "2557"]
[BlackElo "2376"]
[PlyCount "127"]
[EventDate "2023.11.24"]
[EventType "swiss"]
[EventRounds "9"]
[EventCountry "USA"]
[Source "ChessMix"]
[SourceDate "2023.12.01"]
[TimeControl "5400+30"]

1. d4 {[%emt 0:01:06]} Nf6 {[%emt 0:00:07]} 2. c4 {[%emt 0:00:05]} g6 {
[%emt 0:00:02]} 3. Nc3 {[%emt 0:00:06]} Bg7 {[%emt 0:00:02]} 4. e4 {
[%emt 0:00:05]} d6 {[%emt 0:00:01]} 5. h3 {[%emt 0:00:05]} O-O {[%emt 0:00:20]}
6. Be3 {[%emt 0:00:55]} c5 {[%emt 0:02:39]} 7. Nf3 {[%emt 0:00:13]} Qa5 {
[%emt 0:06:37]} 8. Bd3 {[%emt 0:02:27]} Nfd7 {[%emt 0:09:21]} 9. Be2 {
[%emt 0:03:00]} f5 {[%emt 0:07:05]} 10. exf5 {[%emt 0:01:24]} gxf5 {
[%emt 0:00:10]} 11. O-O {[%emt 0:03:35]} Nc6 {[%emt 0:10:40]} 12. d5 {
[%emt 0:02:41]} Nce5 {[%emt 0:00:15]} 13. Bg5 {[%emt 0:05:01]} Ng6 {
[%emt 0:05:31]} 14. Nh4 {[%emt 0:04:26]} Bxc3 {[%emt 0:08:13]} 15. bxc3 {
[%emt 0:05:21]} Nf6 {[%emt 0:02:47]} 16. Qc1 {[%emt 0:07:25]} Ne4 {
[%emt 0:06:34]} 17. Bh5 {[%emt 0:03:27]} Qxc3 {[%emt 0:13:56]} 18. Qxc3 {
[%emt 0:03:18]} Nxc3 {[%emt 0:25:10]} 19. Bxg6 {[%emt 0:04:54]} hxg6 {
[%emt 0:00:00]} 20. Nxg6 {[%emt 0:00:10]} Re8 {[%emt 0:00:00]} 21. Nxe7+ {
[%emt 0:00:30]} Kf7 {[%emt 0:00:00]} 22. Nxc8 {[%emt 0:00:23]} Raxc8 {
[%emt 0:00:00]} 23. Rfe1 {[%emt 0:02:20]} b5 {[%emt 0:00:00]} 24. cxb5 {
[%emt 0:01:18]} Nxd5 {[%emt 0:03:00]} 25. Red1 {[%emt 0:12:06]} Ke6 {
[%emt 0:00:30]} 26. Rac1 {[%emt 0:02:15]} Nb6 {[%emt 0:00:30]} 27. Rd3 {
[%emt 0:03:29]} d5 {[%emt 0:00:00]} 28. Re3+ {[%emt 0:02:21]} Kf7 {
[%emt 0:00:00]} 29. Ra3 {[%emt 0:00:33]} d4 {[%emt 0:00:00]} 30. Rxa7+ {
[%emt 0:00:23]} Kg6 {[%emt 0:02:00]} 31. h4 {[%emt 0:01:23]} Nd5 {
[%emt 0:00:00]} 32. Ra6+ {[%emt 0:02:43]} Kf7 {[%emt 0:00:00]} 33. b6 {
[%emt 0:00:32]} Rc6 {[%emt 0:00:00]} 34. Ra7+ {[%emt 0:02:49]} Kg6 {
[%emt 0:02:00]} 35. b7 {[%emt 0:06:07]} Rb8 {[%emt 0:00:00]} 36. a4 {
[%emt 0:00:29]} Nc3 {[%emt 0:01:00]} 37. Kh2 {[%emt 0:05:16]} Rb6 {
[%emt 0:00:00]} 38. Be7 {[%emt 0:02:07]} R8xb7 {[%emt 0:00:00]} 39. Rxb7 {
[%emt 0:00:43]} Rxb7 {[%emt 0:00:00]} 40. Bxc5 {[%emt 0:00:10]} Ne2 {
[%emt 0:02:00]} 41. Rd1 {[%emt 0:01:49]} Rb2 {[%emt 0:00:00]} 42. a5 {
[%emt 0:01:28]} Ra2 {[%emt 0:00:00]} 43. Bxd4 {[%emt 0:00:31]} Ra4 {
[%emt 0:00:00]} 44. h5+ {[%emt 0:03:05]} Kf7 {[%emt 0:00:25]} 45. Ra1 {
[%emt 0:03:40]} Rxd4 {[%emt 0:00:29]} 46. g3 {[%emt 0:00:07]} Rd7 {
[%emt 0:00:35]} 47. a6 {[%emt 0:00:01]} Ra7 {[%emt 0:00:05]} 48. Kh3 {
[%emt 0:02:00]} Kf6 {[%emt 0:00:58]} 49. Ra5 {[%emt 0:00:18]} Nd4 {
[%emt 0:00:34]} 50. Rd5 {[%emt 0:00:19]} Ne6 {[%emt 0:01:54]} 51. Rd6 {
[%emt 0:00:06]} Ke5 {[%emt 0:00:00]} 52. Rc6 {[%emt 0:01:50]} Nc7 {
[%emt 0:00:00]} 53. Kh4 {[%emt 0:01:08]} Nxa6 {[%emt 0:00:00]} 54. Kg5 {
[%emt 0:00:08]} Nb4 {[%emt 0:00:00]} 55. f4+ {[%emt 0:00:08]} Kd5 {
[%emt 0:02:30]} 56. Rf6 {[%emt 0:01:04]} Rg7+ {[%emt 0:00:00]} 57. Rg6 {
[%emt 0:00:12]} Rf7 {[%emt 0:00:00]} 58. h6 {[%emt 0:00:24]} Nc6 {
[%emt 0:00:00]} 59. Rg7 {[%emt 0:00:48]} Nd8 {[%emt 0:00:00]} 60. Kg6 {
[%emt 0:01:29]} Ke6 {[%emt 0:00:00]} 61. h7 {[%emt 0:00:48]} Rf6+ {
[%emt 0:00:23]} 62. Kh5 {[%emt 0:00:03]} Rf8 {[%emt 0:01:30]} 63. Rg8 {
[%emt 0:00:14]} Kf7 {[%emt 0:00:04]} 64. Rxf8+ {[%emt 0:00:06]} 1-0

[Event "US Masters"]
[Site "Charlotte USA"]
[Date "2023.11.25"]
[Round "6.11"]
[White "Sai Krishna, GV."]
[Black "Canty, James"]
[Result "1-0"]
[WhiteElo "2376"]
[BlackElo "2154"]
[PlyCount "69"]
[EventDate "2023.11.24"]
[EventType "swiss"]
[EventRounds "9"]
[EventCountry "USA"]
[Source "ChessMix"]
[SourceDate "2023.12.01"]
[TimeControl "5400+30"]

1. e4 {[%emt 1:31:00]} c5 {[%emt 0:07:03]} 2. Nf3 {[%emt 0:00:00]} g6 {
[%emt 0:00:04]} 3. d4 {[%emt 0:00:00]} cxd4 {[%emt 0:00:03]} 4. Nxd4 {
[%emt 0:00:00]} Bg7 {[%emt 0:00:07]} 5. Nc3 {[%emt 0:00:00]} Nc6 {
[%emt 0:00:03]} 6. Be3 {[%emt 0:00:00]} Nf6 {[%emt 1:26:10]} 7. Bc4 {
[%emt 0:00:00]} Qa5 {[%emt 0:00:00]} 8. O-O {[%emt 0:00:00]} O-O {
[%emt 0:00:00]} 9. Bb3 {[%emt 0:00:00]} d6 {[%emt 0:00:00]} 10. h3 {
[%emt 0:00:00]} Bd7 {[%emt 0:00:00]} 11. Re1 {[%emt 0:00:00]} Rac8 {
[%emt 0:00:00]} 12. Qd2 {[%emt 0:00:00]} Ne5 {[%emt 0:00:00]} 13. Nd5 {
[%emt 0:00:00]} Qd8 {[%emt 0:00:00]} 14. Bh6 {[%emt 0:00:00]} Nxd5 {
[%emt 0:00:00]} 15. exd5 {[%emt 0:00:00]} Qb6 {[%emt 0:00:00]} 16. Bxg7 {
[%emt 0:00:00]} Kxg7 {[%emt 0:00:00]} 17. Re4 {[%emt 0:00:00]} a5 {
[%emt 0:00:00]} 18. a4 {[%emt 0:00:00]} f5 {[%emt 0:00:00]} 19. Rh4 {
[%emt 0:00:00]} h5 {[%emt 0:00:00]} 20. Re1 {[%emt 0:00:00]} Rf7 {
[%emt 0:00:00]} 21. Qg5 {[%emt 0:00:00]} Rf6 {[%emt 0:00:00]} 22. Ne2 {
[%emt 0:00:00]} Nf7 {[%emt 0:00:00]} 23. Qg3 {[%emt 0:00:00]} Kf8 {
[%emt 0:00:00]} 24. Nf4 {[%emt 0:00:00]} g5 {[%emt 0:00:00]} 25. Nxh5 {
[%emt 0:00:00]} Rh6 {[%emt 0:00:00]} 26. Re6 {[%emt 0:00:00]} Bxe6 {
[%emt 0:00:24]} 27. dxe6 {[%emt 0:00:00]} Rxc2 {[%emt 0:05:28]} 28. Bxc2 {
[%emt 0:00:00]} Qxb2 {[%emt 0:00:16]} 29. exf7 {[%emt 0:00:00]} Qc1+ {
[%emt 0:02:09]} 30. Kh2 {[%emt 0:00:00]} Re6 {[%emt 0:00:03]} 31. Nf4 {
[%emt 0:00:00]} Re1 {[%emt 0:00:24]} 32. Rh8+ {[%emt 0:00:00]} Kxf7 {
[%emt 0:00:06]} 33. Bb3+ {[%emt 0:00:00]} e6 {[%emt 0:00:52]} 34. Bxe6+ {
[%emt 0:00:00]} Kf6 {[%emt 0:00:09]} 35. Rh6+ {[%emt 0:00:00]} 1-0

[Event "RA  National Capital op"]
[Site "Ottawa CAN"]
[Date "2023.11.03"]
[Round "1.2"]
[White "Sai Krishna, GV."]
[Black "Shi, Michael"]
[Result "1-0"]
[WhiteElo "2501"]
[BlackElo "2020"]
[PlyCount "55"]
[EventDate "2023.11.03"]
[EventType "swiss"]
[EventRounds "5"]
[EventCountry "CAN"]

1. e4 e5 2. Nf3 Nc6 3. Bb5 Nf6 4. O-O Nxe4 5. d4 Nd6 6. Ba4 exd4 7. c3 Be7 8.
cxd4 O-O 9. d5 Nb8 10. Nc3 Nf5 11. d6 Nxd6 12. Nd5 Nc6 13. Re1 Re8 14. Bc2 Bf6
15. Bf4 Rxe1+ 16. Qxe1 Ne7 17. Nxf6+ gxf6 18. Bxd6 cxd6 19. Qe4 Ng6 20. Re1 d5
21. Qe8+ Qxe8 22. Re4 Qe6 23. Rxe6 Nf8 24. Re8 Kg7 25. Bb3 Ne6 26. Nd4 Kg6 27.
Nf5 Kg5 28. Ne7 1-0

[Event "RA  National Capital op"]
[Site "Ottawa CAN"]
[Date "2023.11.04"]
[Round "2.2"]
[White "Latorre, Vincent"]
[Black "Sai Krishna, GV."]
[Result "1/2-1/2"]
[WhiteElo "2239"]
[BlackElo "2501"]
[PlyCount "119"]
[EventDate "2023.11.03"]
[EventType "swiss"]
[EventRounds "5"]
[EventCountry "CAN"]

1. e4 e5 2. Nf3 Nc6 3. Bc4 Nf6 4. d3 h6 5. O-O d6 6. c3 g6 7. Re1 Bg7 8. d4 O-O
9. dxe5 Nxe5 10. Nxe5 dxe5 11. Qc2 Nh5 12. Be3 Nf4 13. Nd2 Kh8 14. Kh1 Ne6 15.
a4 f5 16. exf5 gxf5 17. Rad1 Qf6 18. f3 Rg8 19. Bd3 Nd8 20. f4 e4 21. Bf1 Be6
22. Nb3 b6 23. Nd4 Bf7 24. a5 Nb7 25. axb6 axb6 26. Ra1 c5 27. Nb3 Qc6 28. Nd2
Nd6 29. Be2 Bf6 30. Rg1 Be6 31. Rxa8 Rxa8 32. h3 Qd7 33. g4 Rg8 34. Qd1 Qc7 35.
Rg2 Ra8 36. Qf1 Ra4 37. g5 hxg5 38. fxg5 Be5 39. Bf4 Qg7 40. g6 e3 41. Bxe5
Qxe5 42. Nf3 Qf4 43. g7+ Kg8 44. Qd1 Ra7 45. Rg6 Rxg7 46. Rxe6 Qg3 47. Qg1 Ne4
48. Rxe4 Qxh3+ 49. Qh2 Qxh2+ 50. Nxh2 fxe4 51. Ng4 Kf7 52. Bc4+ Kg6 53. Nxe3
Kg5 54. Kg2 Rd7 55. b3 Kf4 56. Nd5+ Rxd5 57. Bxd5 Ke3 58. Kg3 Kd3 59. Kf4 Kxc3
60. Kxe4 1/2-1/2

[Event "RA  National Capital op"]
[Site "Ottawa CAN"]
[Date "2023.11.04"]
[Round "3.3"]
[White "Ajith, Aayush"]
[Black "Sai Krishna, GV."]
[Result "0-1"]
[WhiteElo "2131"]
[BlackElo "2501"]
[PlyCount "126"]
[EventDate "2023.11.03"]
[EventType "swiss"]
[EventRounds "5"]
[EventCountry "CAN"]

1. d4 Nf6 2. c4 g6 3. Nc3 Bg7 4. e4 d6 5. Nf3 O-O 6. h3 e5 7. dxe5 dxe5 8. Qxd8
Rxd8 9. Bg5 c6 10. Nxe5 Re8 11. O-O-O Na6 12. Nf3 Nc5 13. Nd2 h6 14. Bxf6 Bxf6
15. f3 Bxc3 16. bxc3 f5 17. exf5 Bxf5 18. g4 Nd3+ 19. Bxd3 Bxd3 20. Rde1 Kg7
21. c5 g5 22. Nb3 Bc4 23. Kb2 Kf6 24. Nd4 b6 25. cxb6 axb6 26. a3 c5 27. Nf5
Red8 28. Ne3 Rd2+ 29. Kc1 Rd3 30. Kc2 Rxa3 31. Nxc4 Raxc3+ 32. Kb2 Rxc4 33. h4
Rxf3 34. hxg5+ Kxg5 35. Re6 Rb4+ 36. Kc2 Rf6 37. Rxf6 Kxf6 38. Rxh6+ Kg5 39.
Re6 Kxg4 40. Rf6 Kg5 41. Rf8 Rf4 42. Rb8 Rf6 43. Kc3 Kf5 44. Kc4 Ke5 45. Rb7
Rf4+ 46. Kc3 Rb4 47. Rh7 Kd6 48. Rh6+ Kc7 49. Rh7+ Kc6 50. Rh6+ Kb5 51. Rh5 Rg4
52. Rh8 Rg3+ 53. Kc2 Kb4 54. Rh4+ c4 55. Rh2 b5 56. Kb2 Rb3+ 57. Ka2 Ra3+ 58.
Kb2 c3+ 59. Kb1 Kb3 60. Rb2+ Kc4 61. Rh2 b4 62. Rh4+ Kb3 63. Rh2 c2+ 0-1

[Event "RA  National Capital op"]
[Site "Ottawa CAN"]
[Date "2023.11.05"]
[Round "4.2"]
[White "Sai Krishna, GV."]
[Black "Sowa, Ryan"]
[Result "1-0"]
[WhiteElo "2501"]
[BlackElo "2304"]
[PlyCount "57"]
[EventDate "2023.11.03"]
[EventType "swiss"]
[EventRounds "5"]
[EventCountry "CAN"]

1. e4 e5 2. Nf3 Nc6 3. Bb5 Nf6 4. O-O Nxe4 5. d4 Nd6 6. Ba4 e4 7. Re1 Be7 8.
Ne5 O-O 9. Nc3 f5 10. Bb3+ Kh8 11. Re3 Nxe5 12. dxe5 Nf7 13. Nd5 Ng5 14. Rc3 c6
15. Nxe7 Qxe7 16. Bxg5 Qxg5 17. Qd6 Qd8 18. Rh3 Qe8 19. Re1 f4 20. Rxe4 b6 21.
Rh4 Bb7 22. Rexf4 Rxf4 23. Rxf4 c5 24. Rf7 Bc6 25. h4 Qb8 26. Qe7 Qd8 27. Rxg7
Qxe7 28. Rxe7 Rf8 29. g3 1-0

[Event "New York GM"]
[Site "New York USA"]
[Date "2023.04.05"]
[Round "1"]
[White "Song, Edward"]
[Black "Sai Krishna, GV."]
[Result "1/2-1/2"]
[WhiteElo "2389"]
[BlackElo "2385"]
[PlyCount "133"]
[EventDate "2023.04.05"]
[EventType "team"]
[EventRounds "9"]
[EventCountry "USA"]
[Source "ChessMix"]
[SourceDate "2023.04.10"]
[WhiteTeam "Team 4"]
[BlackTeam "Team 3"]

1. e4 e5 2. Nf3 Nc6 3. Bb5 a6 4. Ba4 Nf6 5. O-O Be7 6. Re1 b5 7. Bb3 d6 8. c3
O-O 9. h3 Nd7 10. d4 Bf6 11. a4 Bb7 12. d5 Ne7 13. axb5 axb5 14. Rxa8 Qxa8 15.
Na3 c6 16. dxc6 Bxc6 17. Qxd6 Nc8 18. Qd1 Nc5 19. Bc2 Nxe4 20. Nxb5 Nxf2 21.
Kxf2 Bxb5 22. Nxe5 Qa7+ 23. Be3 Qa2 24. Ng4 Be7 25. Qb1 Qxb1 26. Rxb1 Nd6 27.
Bd4 f5 28. Ne5 Ne4+ 29. Kg1 Rb8 30. Bb3+ Kf8 31. Be6 Ng3 32. Kh2 Ne2 33. Bxf5
Bd6 34. g3 Re8 35. Bd7 Bxd7 36. Nxd7+ Kg8 37. Kg2 Bxg3 38. Bf2 Bc7 39. h4 Nf4+
40. Kf3 Nd3 41. Bd4 Ne1+ 42. Kf2 Nd3+ 43. Kf3 Ne1+ 44. Kf2 Nd3+ 45. Kf1 Re7 46.
Nc5 Rf7+ 47. Ke2 Nf4+ 48. Kd2 Ng2 49. Rh1 h5 50. Ne6 Bd6 51. Nxg7 Rb7 52. b4
Bxb4 53. Rg1 Be7 54. Nxh5 Kf7 55. Rf1+ Ke6 56. Nf4+ Nxf4 57. Rxf4 Rb2+ 58. Kd3
Rh2 59. Bf2 Rh3+ 60. Kd2 Bf6 61. Rc4 Kd5 62. Rc5+ Kd6 63. Rc4 Kd5 64. Rc5+ Kd6
65. h5 Rh2 66. Rf5 Bh4 67. Ke3 1/2-1/2

[Event "New York GM"]
[Site "New York USA"]
[Date "2023.04.06"]
[Round "2"]
[White "Sai Krishna, GV."]
[Black "Kevlishvili, Robby"]
[Result "0-1"]
[WhiteElo "2385"]
[BlackElo "2541"]
[PlyCount "82"]
[EventDate "2023.04.05"]
[EventType "team"]
[EventRounds "9"]
[EventCountry "USA"]
[Source "ChessMix"]
[SourceDate "2023.04.10"]
[WhiteTeam "Team 3"]
[BlackTeam "Team 1"]

1. e4 c5 2. Nf3 d6 3. d4 cxd4 4. Nxd4 Nf6 5. Nc3 a6 6. Bg5 Nbd7 7. Bc4 Qb6 8.
Bb3 e6 9. Qd2 Be7 10. O-O-O Nc5 11. Rhe1 h6 12. Bh4 O-O 13. g3 Qc7 14. f4 Re8
15. Kb1 b5 16. e5 dxe5 17. fxe5 Nh7 18. Bxe7 Rxe7 19. Ne4 Nxe4 20. Rxe4 Bb7 21.
Re3 Rd8 22. Rd3 Rb8 23. Qe2 Nf8 24. Qh5 Be4 25. R3d2 Bg6 26. Qh4 Rd7 27. Kc1
Rbd8 28. Qf4 Qc5 29. h4 a5 30. a4 bxa4 31. Bxa4 Rd5 32. g4 h5 33. Bb3 Rxe5 34.
Nxe6 Nxe6 35. Rxd8+ Kh7 36. Qc4 Qxc4 37. Bxc4 Nxd8 38. gxh5 Bxh5 39. Rxd8 Re1+
40. Kd2 Rd1+ 41. Ke3 Rxd8 0-1

[Event "New York GM"]
[Site "New York USA"]
[Date "2023.04.06"]
[Round "3"]
[White "Woodward, Andy"]
[Black "Sai Krishna, GV."]
[Result "1/2-1/2"]
[WhiteElo "2436"]
[BlackElo "2385"]
[PlyCount "51"]
[EventDate "2023.04.05"]
[EventType "team"]
[EventRounds "9"]
[EventCountry "USA"]
[Source "ChessMix"]
[SourceDate "2023.04.10"]
[WhiteTeam "Team 2"]
[BlackTeam "Team 3"]

1. d4 g6 2. c4 Bg7 3. Nc3 d6 4. e4 Nf6 5. Be2 O-O 6. Be3 c5 7. d5 e6 8. Nf3
exd5 9. cxd5 Bg4 10. Nd2 Bxe2 11. Qxe2 Na6 12. O-O Nc7 13. a4 a6 14. h3 Re8 15.
a5 Rb8 16. Bg5 h6 17. Bxf6 Bxf6 18. Qd3 Bd4 19. Kh1 Qd7 20. Nc4 Nb5 21. Rae1
Re7 22. f4 Rbe8 23. f5 Kh7 24. f6 Re5 25. Nxe5 dxe5 26. Ne2 1/2-1/2

[Event "New York GM"]
[Site "New York USA"]
[Date "2023.04.07"]
[Round "4"]
[White "Ostrovskiy, Aleksandr"]
[Black "Sai Krishna, GV."]
[Result "1/2-1/2"]
[WhiteElo "2394"]
[BlackElo "2385"]
[PlyCount "72"]
[EventDate "2023.04.05"]
[EventType "team"]
[EventRounds "9"]
[EventCountry "USA"]
[Source "ChessMix"]
[SourceDate "2023.04.10"]
[WhiteTeam "Team 2"]
[BlackTeam "Team 3"]

1. e4 e5 2. Nf3 Nc6 3. Bb5 a6 4. Ba4 d6 5. O-O Nf6 6. c3 Be7 7. Re1 b5 8. Bb3
O-O 9. h3 Bb7 10. d4 Re8 11. Ng5 Rf8 12. Nf3 Re8 13. Nbd2 Bf8 14. d5 Nb8 15.
Nf1 Nbd7 16. N3h2 Nc5 17. Bc2 c6 18. b4 Ncd7 19. dxc6 Bxc6 20. Bg5 Qc7 21. Bxf6
Nxf6 22. Ng4 Nxg4 23. hxg4 Bd7 24. Re3 Qc8 25. Rg3 a5 26. Bb3 Ra7 27. bxa5 Rxa5
28. Rc1 Qa8 29. Qf3 Be6 30. Ne3 Be7 31. Nd5 Bg5 32. Rd1 Qc8 33. Nb6 Qd8 34. Nd5
Qc8 35. Nb6 Qd8 36. Nd5 Qc8 1/2-1/2

[Event "New York GM"]
[Site "New York USA"]
[Date "2023.04.07"]
[Round "5"]
[White "Sai Krishna, GV."]
[Black "Gelashvili, Tamaz"]
[Result "0-1"]
[WhiteElo "2385"]
[BlackElo "2548"]
[PlyCount "112"]
[EventDate "2023.04.05"]
[EventType "team"]
[EventRounds "9"]
[EventCountry "USA"]
[Source "ChessMix"]
[SourceDate "2023.04.10"]
[WhiteTeam "Team 3"]
[BlackTeam "Team 1"]

1. e4 e5 2. Nf3 d6 3. d4 exd4 4. Nxd4 Nf6 5. Nc3 Be7 6. g3 O-O 7. Bg2 c6 8. O-O
Re8 9. h3 Bf8 10. Re1 a5 11. a4 Nbd7 12. g4 g6 13. Bf4 Ne5 14. b3 Bg7 15. Qd2
h5 16. g5 Nh7 17. Be3 f6 18. f4 Nf7 19. h4 Bg4 20. Bf1 Nf8 21. Bc4 Qd7 22. Qf2
f5 23. Bd3 fxe4 24. Nxe4 d5 25. Nf6+ Bxf6 26. gxf6 Nd6 27. Nf3 Bxf3 28. Qxf3
Nf5 29. Bf2 Nh7 30. Qg2 Kf7 31. Re5 Nxf6 32. Qg5 Rxe5 33. fxe5 Nh7 34. Bxf5
Qxf5 35. Qh6 Kg8 36. Bg3 Rf8 37. Re1 Qg4 38. Kh2 Rf3 39. Rg1 Nf8 40. Qd2 b6 41.
Qg2 Ne6 42. Bf2 Qf4+ 43. Bg3 Qf5 44. Kh1 Kf7 45. c4 Nf4 46. e6+ Qxe6 47. Rf1
Nxg2 48. Rxf3+ Kg8 49. Kxg2 dxc4 50. bxc4 Qxc4 51. Rf4 Qc2+ 52. Bf2 b5 53. axb5
cxb5 54. Kh3 b4 55. Rd4 Qxf2 56. Rd8+ Qf8 0-1

[Event "New York GM"]
[Site "New York USA"]
[Date "2023.04.08"]
[Round "6"]
[White "Korley, Kassa"]
[Black "Sai Krishna, GV."]
[Result "1-0"]
[WhiteElo "2468"]
[BlackElo "2385"]
[PlyCount "87"]
[EventDate "2023.04.05"]
[EventType "team"]
[EventRounds "9"]
[EventCountry "USA"]
[Source "ChessMix"]
[SourceDate "2023.04.10"]
[WhiteTeam "Team 4"]
[BlackTeam "Team 3"]

1. Nf3 Nf6 2. g3 g6 3. Bg2 Bg7 4. d4 O-O 5. O-O d6 6. c4 Nc6 7. Nc3 a6 8. Bf4
Bf5 9. d5 Na5 10. Nd2 c5 11. e4 Bg4 12. Qc2 b5 13. h3 Bd7 14. Rae1 Rb8 15. b3
bxc4 16. bxc4 Nh5 17. Bg5 f6 18. Be3 f5 19. exf5 Bxf5 20. Nce4 Rb2 21. Qc1 Rxa2
22. g4 Bxe4 23. Nxe4 Ra1 24. Qc2 Rxe1 25. Rxe1 Nf4 26. Ng5 Bd4 27. Rb1 e5 28.
Ne6 Nxe6 29. dxe6 Qc7 30. Qa4 Bxe3 31. fxe3 e4 32. e7 Qxe7 33. Qxa5 Qe5 34. Qd2
Qg3 35. Qe1 Qe5 36. Rd1 Rb8 37. Qd2 Rb6 38. Qc2 Rb2 39. Qxe4 Qg3 40. Rf1 Kg7
41. Qe7+ Kh6 42. Qf8+ Kg5 43. Qf6+ Kh6 44. Qxb2 1-0

[Event "New York GM"]
[Site "New York USA"]
[Date "2023.04.08"]
[Round "7"]
[White "Sai Krishna, GV."]
[Black "Stearman, Josiah"]
[Result "1-0"]
[WhiteElo "2385"]
[BlackElo "2385"]
[PlyCount "117"]
[EventDate "2023.04.05"]
[EventType "team"]
[EventRounds "9"]
[EventCountry "USA"]
[Source "ChessMix"]
[SourceDate "2023.04.10"]
[WhiteTeam "Team 3"]
[BlackTeam "Team 4"]

1. e4 c5 2. Nf3 d6 3. d4 cxd4 4. Nxd4 Nf6 5. Nc3 a6 6. Bg5 Nbd7 7. Bc4 Qb6 8.
Bb3 e6 9. Qd2 Be7 10. O-O-O Nc5 11. Rhe1 h6 12. Be3 Qc7 13. f3 b5 14. g4 Bd7
15. h4 b4 16. Nce2 a5 17. g5 Nh5 18. gxh6 a4 19. Bc4 Nxe4 20. fxe4 Qxc4 21. Kb1
g6 22. e5 b3 23. Bg5 dxe5 24. Bxe7 exd4 25. cxb3 axb3 26. Rc1 Qd5 27. Ba3 Rxa3
28. bxa3 O-O 29. Qxd4 Qf5+ 30. Ka1 e5 31. Qb4 b2+ 32. Qxb2 Be6 33. Rg1 Ra8 34.
Ng3 Nxg3 35. Rxg3 Qf4 36. Rcg1 Rd8 37. R3g2 Kh7 38. Rf2 Qd4 39. Re1 Kxh6 40.
Qxd4 exd4 41. Rd1 Bf5 42. Rf4 d3 43. Kb2 Rc8 44. Rd2 Kg7 45. a4 Kf6 46. Rxd3
Ke5 47. Rdf3 Be4 48. Rf1 f5 49. Ka3 Kd4 50. Rd1+ Ke3 51. Rff1 Rh8 52. a5 Rxh4
53. a6 g5 54. a7 Rh7 55. Rde1+ Kd2 56. Rxe4 Rxa7+ 57. Ra4 Rxa4+ 58. Kxa4 f4 59.
Rg1 1-0